Administradoras de fondos de jubilaciones y pensiones : que son y como operan /
Guardado en:
| Autor Principal: | |
|---|---|
| Formato: | Libro |
| Publicado: |
Buenos Aires :
Macchi,
1993
|
| Materias: | |
| Etiquetas: |
Agregar Etiqueta
Sin Etiquetas, Sea el primero en etiquetar este registro!
|
| LEADER | 00598nam a22002055a 4500 | ||
|---|---|---|---|
| 001 | CEM.cems007570 | ||
| 005 | 20060214000000.0 | ||
| 008 | 130507s1993##################000#0#####d | ||
| 003 | CEMS | ||
| 082 | 0 | 4 | |a 351.5 |
| 100 | 1 | |a Apreda, Rodolfo | |
| 245 | 1 | 0 | |a Administradoras de fondos de jubilaciones y pensiones : |b que son y como operan / |
| 260 | |a Buenos Aires : |b Macchi, |c 1993 | ||
| 300 | |a 233 p. | ||
| 653 | |a Afjp | ||
| 653 | |a C. basico 1994 | ||
| 653 | |a Jubilacion estatal | ||
| 653 | |a Jubilacion privada | ||
| 653 | |a Jubilaciones | ||
| 859 | |a CEMS |b BIB. CEMS - 11 de abril |h 351.5 |i Ap68 |p 17668.94 |t Ej.1 | ||
